The first decade : My journeyfrom blogger to entrepreneur

Bibliographic Details
Main Author: Vivy Yusof (Author)
Format: Book
Published: Singapore : Penguin Random House SEA Pte Ltd 2022
Subjects:

MARC

LEADER 00000cam a2200000 7i4500
001 0000093525
005 20240103111555.0
020 |a 9789815058802 (  |q (hardback)) 
040 |e rda 
041 |a English 
090 0 0 |a 923.59595   |b VIV 
100 1 |a Vivy Yusof ,   |e (author) 
245 1 4 |a The first decade :   |b My journeyfrom blogger to entrepreneur   |c Vivy Yusof 
264 1 |a Singapore :   |b Penguin Random House SEA Pte Ltd   |c 2022 
300 |a 220 pages :   |b color illustrations ;   |c 24 cm. 
336 |a text  |2 rdacontent 
337 |a unmediated  |2 rdamedia 
338 |a volume  |2 rdacarrier 
541 |c Purchased on 2023   |f 1619848852 POP   |h RM79.90 
650 0 |a Autobiographies(litery works) 
650 0 |a Biographies 
650 0 |a Bloggers Malaysia Biography 
730 0 |a Title 
999 |a 0001757006   |b Book   |c Adult Collection   |e Perbadanan Perpustakaan Awam Johor